World Football Families - Statistics

General Stats
  • This quiz has been taken 45 times
    42 since last reset
  • The average score is 26 of 33
Answer Stats
First Names Last Name Nation % Correct
Jude, Jobe Bellingham ENG
97%
Eden, Thorgan Hazard BEL
97%
Kylian, Ethan Mbappe FRA
97%
Kolo, Yaya Touré CIV
97%
Kevin-Prince, Jerome Boateng GHA/GER
94%
Alf-Inge, Erling Haaland NOR
94%
Cesare, Paolo, Daniel Maldini ITA
94%
George, Timothy Weah LBR/USA
94%
Peter, Kasper Schmeichel DEN
91%
Lilian, Marcus, Khephren Thuram FRA
91%
Iñaki, Nico Williams GHA/ESP
91%
Rio, Anton Ferdinand ENG
88%
Theo, Lucas Hernandez FRA
88%
Filippo, Simone Inzaghi ITA
88%
Johan, Jordi Cruyff NED
85%
Gary, Phil Neville ENG
85%
Jack, Bobby Charlton ENG
82%
Gheorghe, Ianis Hagi ROU
82%
Patrick, Justin Kluivert NED
82%
Danny, Daley Blind NED
79%
Reece, Lauren James ENG
79%
Mazinho, Thiago, Rafinha Do Nascimento/Alcantara BRA/ESP
76%
Enrico, Federico Chiesa ITA
70%
Michael, Brian Laudrup DEN
67%
Alexis, Kevin Mac Allister ARG
64%
Frank, Ronald De Boer NED
61%
Diego, Giovanni, Giuliano Simeone ARG
61%
Ian, Shaun, Bradley Wright-Phillips ENG
58%
Fabio, Paolo Cannavaro ITA
55%
Frank Sr., Frank Lampard ENG
55%
Giuseppe, Franco Baresi ITA
52%
Marquitos, Marcos, Marcos Alonso ESP
48%
Harry, Jamie Redknapp ENG
39%
No matching quizzes found
Score Distribution
Percent of People with Each Score
Percentile by Number Answered
Your Score History
You have not taken this quiz since the last reset